[Event "Ekstraliga 2019"]
[Site "Katowice"]
[Date "2019.09.03"]
[Round "7.26"]
[White "Shevchenko, Kirill"]
[Black "Maksimenko, Andrei"]
[Result "1-0"]
[BlackElo "2468"]
[WhiteElo "2556"]
[WhiteTeam "KSz Miedz Legnica"]
[BlackTeam "Baszta MOS Znin"]
[LiveChessVersion "1.4.8"]

1. d4 {[%clk 1:30:57]} d5 {[%clk 1:29:23]} 2. c4 {[%clk 1:31:20]} dxc4
{[%clk 1:29:28]} 3. e3 {[%clk 1:31:24]} e5 {[%clk 1:27:29]} 4. Bxc4
{[%clk 1:31:38]} exd4 {[%clk 1:27:52]} 5. exd4 {[%clk 1:31:55]} Bd6
{[%clk 1:28:16]} 6. Nf3 {[%clk 1:32:12]} Nf6 {[%clk 1:28:38]} 7. Qe2+
{[%clk 1:32:38]} Qe7 {[%clk 1:28:40]} 8. Qxe7+ {[%clk 1:33:00]} Kxe7
{[%clk 1:20:13]} 9. O-O {[%clk 1:28:27]} Be6 {[%clk 1:19:16]} 10. Re1
{[%clk 1:28:12]} Kd7 {[%clk 1:19:16]} 11. Ne5+ {[%clk 1:25:11]} Bxe5
{[%clk 1:18:58]} 12. dxe5 {[%clk 1:23:14]} Bxc4 {[%clk 1:16:42]} 13. exf6
{[%clk 1:23:33]} gxf6 {[%clk 1:17:03]} 14. b3 {[%clk 1:16:37]} Be6
{[%clk 1:09:25]} 15. Nc3 {[%clk 1:10:15]} Nc6 {[%clk 0:50:55]} 16. Ne4
{[%clk 1:00:27]} Kc8 {[%clk 0:43:16]} 17. Nxf6 {[%clk 0:49:23]} Nb4
{[%clk 0:21:53]} 18. Re4 {[%clk 0:36:27]} Nd5 {[%clk 0:21:30]} 19. Nxd5
{[%clk 0:29:17]} Bxd5 {[%clk 0:21:53]} 20. Re7 {[%clk 0:29:41]} b6
{[%clk 0:16:01]} 21. Bf4 {[%clk 0:28:14]} Kb7 {[%clk 0:16:20]} 22. Rc1
{[%clk 0:23:10]} Rac8 {[%clk 0:11:23]} 23. Rcxc7+ {[%clk 0:22:54]} Rxc7
{[%clk 0:11:38]} 24. Rxc7+ {[%clk 0:23:19]} Ka6 {[%clk 0:11:53]} 25. f3
{[%clk 0:22:24]} Be6 {[%clk 0:11:54]} 26. Kf2 {[%clk 0:16:52]} Rc8
{[%clk 0:12:09]} 27. Rxc8 {[%clk 0:11:22]} Bxc8 {[%clk 0:12:37]} 28. Kg3
{[%clk 0:11:37]} Bf5 {[%clk 0:05:32]} 29. Kh4 {[%clk 0:10:35]} Bd3
{[%clk 0:03:56]} 30. Kg5 {[%clk 0:08:16]} Kb5 {[%clk 0:03:26]} 31. Bb8
{[%clk 0:06:15]} a5 {[%clk 0:03:11]} 32. Kf6 {[%clk 0:04:55]} Bb1
{[%clk 0:02:22]} 33. a3 {[%clk 0:04:39]} Ba2 {[%clk 0:01:47]} 34. Kg7
{[%clk 0:04:02]} h5 {[%clk 0:01:00]} 35. h4 {[%clk 0:01:13]} Bxb3
{[%clk 0:01:25]} 36. Kh6 {[%clk 0:01:34]} Bc4 {[%clk 0:00:36]} 37. Kxh5
{[%clk 0:01:41]} Bf1 {[%clk 0:01:02]} 38. Kg5 {[%clk 0:00:45]} Bxg2
{[%clk 0:01:23]} 39. f4 {[%clk 0:01:12]} Kc6 {[%clk 0:01:26]} 40. h5
{[%clk 0:31:16]} b5 {[%clk 0:30:33]} 41. h6 {[%clk 0:29:42]} 1-0

[Event "Ekstraliga 2019"]
[Site "Katowice"]
[Date "2019.09.03"]
[Round "7.27"]
[White "Piesik, Piotr"]
[Black "Kriebel, Tadeas"]
[Result "1/2-1/2"]
[BlackElo "2531"]
[WhiteElo "2409"]
[WhiteTeam "Baszta MOS Znin"]
[BlackTeam "KSz Miedz Legnica"]
[LiveChessVersion "1.4.8"]

1. d4 {[%clk 1:30:57]} Nf6 {[%clk 1:30:53]} 2. c4 {[%clk 1:30:45]} e6
{[%clk 1:31:18]} 3. Nc3 {[%clk 1:29:19]} Bb4 {[%clk 1:31:43]} 4. e3
{[%clk 1:23:58]} O-O {[%clk 1:29:20]} 5. Bd2 {[%clk 1:23:55]} d5 {[%clk 1:28:59]}
6. Nf3 {[%clk 1:23:35]} c5 {[%clk 1:24:14]} 7. a3 {[%clk 1:21:02]} Bxc3
{[%clk 1:24:19]} 8. Bxc3 {[%clk 1:21:27]} b6 {[%clk 1:20:14]} 9. Rc1
{[%clk 1:14:16]} Ba6 {[%clk 1:12:49]} 10. dxc5 {[%clk 0:59:27]} bxc5
{[%clk 1:13:14]} 11. cxd5 {[%clk 0:54:41]} Bxf1 {[%clk 1:13:30]} 12. Kxf1
{[%clk 0:55:07]} exd5 {[%clk 1:13:47]} 13. Bxf6 {[%clk 0:52:52]} Qxf6
{[%clk 1:14:10]} 14. Rxc5 {[%clk 0:53:03]} Qxb2 {[%clk 1:12:54]} 15. Qc1
{[%clk 0:51:57]} Qb6 {[%clk 1:11:48]} 16. g3 {[%clk 0:48:39]} Nd7
{[%clk 1:08:24]} 17. Rc6 {[%clk 0:47:08]} Rac8 {[%clk 1:06:47]} 18. Rxc8
{[%clk 0:41:21]} Qa6+ {[%clk 1:07:11]} 19. Kg2 {[%clk 0:41:48]} Rxc8
{[%clk 1:07:34]} 20. Qa1 {[%clk 0:40:28]} Nb6 {[%clk 1:04:56]} 21. Nd4
{[%clk 0:38:24]} Qd3 {[%clk 1:03:30]} 22. Rd1 {[%clk 0:32:02]} Qe4+
{[%clk 1:02:51]} 23. Kg1 {[%clk 0:32:25]} Nc4 {[%clk 1:03:01]} 24. Qb1
{[%clk 0:29:47]} Nxa3 {[%clk 0:47:45]} 25. Qb7 {[%clk 0:21:23]} Re8
{[%clk 0:47:14]} 26. Ra1 {[%clk 0:20:41]} Nc4 {[%clk 0:47:12]} 27. Rxa7
{[%clk 0:20:49]} Nd6 {[%clk 0:46:50]} 28. Qc6 {[%clk 0:18:08]} Qb1+
{[%clk 0:46:00]} 29. Kg2 {[%clk 0:18:29]} Qe4+ {[%clk 0:46:25]} 30. Kg1
{[%clk 0:18:36]} Qb1+ {[%clk 0:46:50]} 31. Kg2 {[%clk 0:15:40]} Qe4+
{[%clk 0:47:11]} 32. Nf3 {[%clk 0:14:26]} Nc4 {[%clk 0:42:38]} 33. Ra8
{[%clk 0:14:30]} Rf8 {[%clk 0:43:03]} 34. Qc8 {[%clk 0:11:54]} Qe7
{[%clk 0:41:21]} 35. Nd4 {[%clk 0:11:32]} g6 {[%clk 0:39:37]} 36. Qxf8+
{[%clk 0:11:04]} Qxf8 {[%clk 0:40:01]} 37. Rxf8+ {[%clk 0:11:31]} Kxf8
{[%clk 0:40:25]} 38. Nc6 {[%clk 0:11:55]} Ke8 {[%clk 0:40:25]} 39. Nb4
{[%clk 0:12:01]} Nb6 {[%clk 0:40:33]} 40. Kf3 {[%clk 0:42:07]} Kd7
{[%clk 1:10:40]} 41. Kf4 {[%clk 0:40:17]} f6 {[%clk 1:10:58]} 42. h4
{[%clk 0:39:28]} 1/2-1/2

[Event "Ekstraliga 2019"]
[Site "Katowice"]
[Date "2019.09.03"]
[Round "7.28"]
[White "Simacek, Pavel"]
[Black "Simantsev, Mikhail"]
[Result "1-0"]
[BlackElo "2346"]
[WhiteElo "2479"]
[WhiteTeam "KSz Miedz Legnica"]
[BlackTeam "Baszta MOS Znin"]
[LiveChessVersion "1.4.8"]

1. e4 {[%clk 1:30:51]} e5 {[%clk 1:30:59]} 2. Nf3 {[%clk 1:31:08]} Nc6
{[%clk 1:31:27]} 3. Bc4 {[%clk 1:31:08]} Bc5 {[%clk 1:31:54]} 4. b4
{[%clk 1:31:29]} Bxb4 {[%clk 1:30:49]} 5. c3 {[%clk 1:31:53]} Be7
{[%clk 0:55:41]} 6. d4 {[%clk 1:30:30]} Na5 {[%clk 0:49:36]} 7. Nxe5
{[%clk 1:30:21]} Nxc4 {[%clk 0:48:46]} 8. Nxc4 {[%clk 1:30:44]} d5
{[%clk 0:47:12]} 9. exd5 {[%clk 1:30:31]} Qxd5 {[%clk 0:47:37]} 10. Ne3
{[%clk 1:30:56]} Qd8 {[%clk 0:46:17]} 11. O-O {[%clk 1:29:59]} Nf6
{[%clk 0:46:31]} 12. c4 {[%clk 1:24:26]} O-O {[%clk 0:45:34]} 13. Nc3
{[%clk 1:24:26]} Re8 {[%clk 0:43:36]} 14. Bb2 {[%clk 1:21:03]} c6
{[%clk 0:40:32]} 15. Re1 {[%clk 1:17:49]} Be6 {[%clk 0:28:55]} 16. d5
{[%clk 1:12:24]} cxd5 {[%clk 0:29:22]} 17. Ncxd5 {[%clk 0:57:34]} Nxd5
{[%clk 0:27:21]} 18. cxd5 {[%clk 0:57:23]} Bd7 {[%clk 0:26:54]} 19. Qd3
{[%clk 0:50:37]} Bf8 {[%clk 0:24:13]} 20. Ba3 {[%clk 0:45:18]} Qa5
{[%clk 0:15:00]} 21. Bxf8 {[%clk 0:45:38]} Rxf8 {[%clk 0:15:19]} 22. Qd4
{[%clk 0:31:14]} Rfe8 {[%clk 0:14:03]} 23. h3 {[%clk 0:28:44]} Rac8
{[%clk 0:10:58]} 24. Red1 {[%clk 0:29:04]} Qa4 {[%clk 0:07:00]} 25. Qb2
{[%clk 0:27:25]} b6 {[%clk 0:07:13]} 26. Rac1 {[%clk 0:21:03]} h6
{[%clk 0:06:32]} 27. Rxc8 {[%clk 0:19:37]} Rxc8 {[%clk 0:07:00]} 28. Rd4
{[%clk 0:19:28]} Qa5 {[%clk 0:07:02]} 29. Re4 {[%clk 0:17:03]} Kf8
{[%clk 0:04:09]} 30. Qe5 {[%clk 0:15:44]} Qa3 {[%clk 0:04:38]} 31. Rf4
{[%clk 0:10:14]} Qe7 {[%clk 0:04:14]} 32. Qb2 {[%clk 0:09:32]} Qd6
{[%clk 0:04:21]} 33. Re4 {[%clk 0:09:01]} b5 {[%clk 0:04:30]} 34. h4
{[%clk 0:08:35]} a5 {[%clk 0:03:47]} 35. g3 {[%clk 0:08:48]} b4 {[%clk 0:03:40]}
36. Qd2 {[%clk 0:08:02]} Qf6 {[%clk 0:02:41]} 37. Nc4 {[%clk 0:05:37]} Qf3
{[%clk 0:00:59]} 38. Re3 {[%clk 0:04:52]} Qf6 {[%clk 0:00:55]} 39. Ne5
{[%clk 0:02:13]} Qd6 {[%clk 0:01:23]} 40. Qd4 {[%clk 0:31:36]} Kg8
{[%clk 0:30:31]} 41. Re4 {[%clk 0:13:12]} Bb5 {[%clk 0:19:29]} 42. Rg4
{[%clk 0:10:04]} f6 {[%clk 0:11:14]} 43. Rxg7+ {[%clk 0:10:07]} Kxg7
{[%clk 0:06:32]} 44. Qg4+ {[%clk 0:10:32]} Kf8 {[%clk 0:06:46]} 45. Qxc8+
{[%clk 0:10:52]} Be8 {[%clk 0:07:00]} 46. Ng6+ {[%clk 0:09:25]} Kf7
{[%clk 0:07:16]} 47. Nf4 {[%clk 0:09:44]} a4 {[%clk 0:06:42]} 48. Qf5
{[%clk 0:09:23]} Bd7 {[%clk 0:04:34]} 49. Qh7+ {[%clk 0:07:29]} Ke8
{[%clk 0:05:02]} 50. Qxh6 {[%clk 0:07:31]} b3 {[%clk 0:03:42]} 51. axb3
{[%clk 0:07:55]} a3 {[%clk 0:04:11]} 52. Qh8+ {[%clk 0:07:50]} Qf8
{[%clk 0:01:57]} 53. Qh5+ {[%clk 0:08:13]} Qf7 {[%clk 0:02:02]} 54. Qe2+
{[%clk 0:08:30]} Qe7 {[%clk 0:02:22]} 55. Qa6 {[%clk 0:08:12]} Qe1+
{[%clk 0:01:46]} 56. Kg2 {[%clk 0:08:31]} Bf5 {[%clk 0:00:39]} 57. Qxf6
{[%clk 0:01:19]} Be4+ {[%clk 0:00:34]} 58. Kh3 {[%clk 0:01:04]} Qf1+
{[%clk 0:00:33]} 59. Kg4 {[%clk 0:01:30]} a2 {[%clk 0:00:35]} 60. Qc6+
{[%clk 0:01:19]} Kf7 {[%clk 0:00:36]} 61. Qd7+ {[%clk 0:01:13]} Kf6
{[%clk 0:00:39]} 62. Qe6+ {[%clk 0:01:29]} Kg7 {[%clk 0:01:02]} 63. Qe7+
{[%clk 0:01:04]} Kh6 {[%clk 0:00:36]} 64. Qe6+ {[%clk 0:01:25]} Kg7
{[%clk 0:00:48]} 65. Nh5+ {[%clk 0:01:31]} Kf8 {[%clk 0:01:06]} 66. Qf6+
{[%clk 0:01:36]} Ke8 {[%clk 0:01:23]} 67. Ng7+ {[%clk 0:01:57]} Kd7
{[%clk 0:01:52]} 68. Qc6+ {[%clk 0:02:23]} Ke7 {[%clk 0:00:38]} 69. Qc7+
{[%clk 0:02:46]} 1-0

[Event "Ekstraliga 2019"]
[Site "Katowice"]
[Date "2019.09.03"]
[Round "7.29"]
[White "Szustakowski, Antoni"]
[Black "Bobras, Piotr"]
[Result "1-0"]
[BlackElo "2488"]
[WhiteElo "2256"]
[WhiteTeam "Baszta MOS Znin"]
[BlackTeam "KSz Miedz Legnica"]
[LiveChessVersion "1.4.8"]

1. d4 {[%clk 1:30:57]} Nf6 {[%clk 1:30:54]} 2. c4 {[%clk 1:31:17]} g6
{[%clk 1:31:20]} 3. Nc3 {[%clk 1:31:43]} Bg7 {[%clk 1:31:47]} 4. e4
{[%clk 1:32:09]} d6 {[%clk 1:32:12]} 5. Be2 {[%clk 1:32:36]} O-O {[%clk 1:32:36]}
6. Bg5 {[%clk 1:33:03]} c5 {[%clk 1:32:27]} 7. d5 {[%clk 1:33:27]} h6
{[%clk 1:32:53]} 8. Be3 {[%clk 1:33:48]} e6 {[%clk 1:33:06]} 9. Qd2
{[%clk 1:33:57]} exd5 {[%clk 1:33:04]} 10. exd5 {[%clk 1:34:19]} Kh7
{[%clk 1:31:57]} 11. h4 {[%clk 1:34:09]} Ng4 {[%clk 1:21:29]} 12. Bf4
{[%clk 1:34:02]} Ne5 {[%clk 1:14:21]} 13. Kf1 {[%clk 1:34:20]} Nbd7
{[%clk 1:03:57]} 14. Re1 {[%clk 1:29:58]} a6 {[%clk 0:55:00]} 15. a4
{[%clk 1:28:01]} Qb6 {[%clk 0:49:54]} 16. Nh3 Qb3 17. h5 g5 18. Bxg5 hxg5 19.
Nxg5+ Kh8 20. Qf4 {[%clk 0:45:16]} Qc2 {[%clk 0:17:35]} 21. Nce4 {[%clk 0:37:51]}
Nxc4 {[%clk 0:13:05]} 22. Nxf7+ {[%clk 0:32:12]} Kg8 {[%clk 0:07:04]} 23. h6
{[%clk 0:31:02]} Qxe4 {[%clk 0:00:43]} 24. h7+ {[%clk 0:31:16]} Qxh7
{[%clk 0:00:55]} 25. Rxh7 {[%clk 0:31:43]} Rxf7 {[%clk 0:00:53]} 26. Rxg7+
{[%clk 0:31:56]} 1-0

[Event "Ekstraliga 2019"]
[Site "Katowice"]
[Date "2019.09.04"]
[Round "8.1"]
[White "Mista, Aleksander"]
[Black "Duda, Jan-Krzysztof"]
[Result "0-1"]
[BlackElo "2730"]
[WhiteElo "2599"]
[WhiteTeam "Wieza Pegow"]
[BlackTeam "Wasko HETMAN GKS Katowice"]
[LiveChessVersion "1.4.8"]

1. e4 {[%clk 1:30:57]} c5 {[%clk 1:30:53]} 2. Nf3 {[%clk 1:31:22]} e6
{[%clk 1:31:18]} 3. d4 {[%clk 1:31:48]} cxd4 {[%clk 1:31:42]} 4. Nxd4
{[%clk 1:32:15]} Nc6 {[%clk 1:32:06]} 5. Nc3 {[%clk 1:32:33]} Qc7
{[%clk 1:32:30]} 6. Be3 {[%clk 1:32:43]} a6 {[%clk 1:32:53]} 7. Be2
{[%clk 1:32:49]} Nf6 {[%clk 1:33:16]} 8. O-O {[%clk 1:33:15]} Bb4
{[%clk 1:33:33]} 9. Nxc6 {[%clk 1:33:09]} bxc6 {[%clk 1:33:57]} 10. f4
{[%clk 1:33:35]} O-O {[%clk 1:34:12]} 11. e5 {[%clk 1:23:29]} Nd5
{[%clk 1:34:18]} 12. Nxd5 {[%clk 1:22:35]} cxd5 {[%clk 1:34:43]} 13. Bd4
{[%clk 1:19:56]} a5 {[%clk 1:33:52]} 14. Rf3 {[%clk 1:16:00]} Ba6
{[%clk 1:20:54]} 15. Rh3 {[%clk 1:08:33]} Bc5 {[%clk 1:05:15]} 16. Bxa6
{[%clk 1:05:51]} Rxa6 {[%clk 1:03:38]} 17. Qd3 {[%clk 1:05:41]} Bxd4+
{[%clk 1:03:59]} 18. Kh1 {[%clk 1:05:50]} g6 {[%clk 1:03:01]} 19. Qxa6
{[%clk 1:05:05]} Qxc2 {[%clk 1:00:19]} 20. Rb3 {[%clk 0:46:30]} Bxb2
{[%clk 0:56:08]} 21. Rf1 {[%clk 0:46:45]} Bc3 {[%clk 0:55:58]} 22. Qd6
{[%clk 0:30:31]} Bb4 {[%clk 0:54:09]} 23. Qxd7 {[%clk 0:30:38]} Qxa2
{[%clk 0:54:25]} 24. Rbf3 {[%clk 0:28:45]} Qc4 {[%clk 0:49:26]} 25. g4
{[%clk 0:28:23]} Qe4 {[%clk 0:37:28]} 26. Qc7 {[%clk 0:12:28]} a4
{[%clk 0:32:22]} 27. Kg2 {[%clk 0:10:50]} a3 {[%clk 0:32:06]} 28. R1f2
{[%clk 0:11:05]} d4 {[%clk 0:22:37]} 29. Qc4 {[%clk 0:08:43]} Ra8
{[%clk 0:21:58]} 30. h3 {[%clk 0:05:27]} Qb1 {[%clk 0:13:57]} 31. Qc6
{[%clk 0:03:05]} Rb8 {[%clk 0:11:54]} 32. Qa6 {[%clk 0:02:48]} d3
{[%clk 0:08:43]} 33. f5 {[%clk 0:01:44]} d2 {[%clk 0:07:02]} 34. Rxd2
{[%clk 0:01:59]} Bxd2 {[%clk 0:07:15]} 35. fxe6 {[%clk 0:02:27]} Bg5
{[%clk 0:06:30]} 36. exf7+ {[%clk 0:02:20]} Kg7 {[%clk 0:06:14]} 37. f8=Q+
{[%clk 0:00:53]} Rxf8 {[%clk 0:06:41]} 38. Qa7+ {[%clk 0:01:17]} Kg8
{[%clk 0:07:04]} 39. Rxf8+ {[%clk 0:01:21]} Kxf8 {[%clk 0:07:29]} 40. Qxa3+
{[%clk 0:31:48]} Kg7 {[%clk 0:36:35]} 41. Qa7+ {[%clk 0:30:49]} Kh6
{[%clk 0:32:53]} 42. Qd4 {[%clk 0:29:42]} Qc2+ {[%clk 0:32:35]} 43. Kg3
{[%clk 0:29:58]} Qb3+ {[%clk 0:32:44]} 44. Kg2 {[%clk 0:30:23]} Qe3
{[%clk 0:32:00]} 45. Qxe3 {[%clk 0:29:33]} Bxe3 {[%clk 0:32:25]} 46. h4
{[%clk 0:30:02]} Bd4 {[%clk 0:32:29]} 47. e6 {[%clk 0:30:28]} Kg7
{[%clk 0:32:54]} 48. Kf3 {[%clk 0:30:52]} Kf6 {[%clk 0:33:02]} 49. Ke4
{[%clk 0:31:17]} Bf2 {[%clk 0:33:19]} 50. Kd5 {[%clk 0:31:40]} Bxh4
{[%clk 0:33:44]} 51. Kd6 {[%clk 0:32:08]} Be1 {[%clk 0:34:06]} 0-1

[Event "Ekstraliga 2019"]
[Site "Katowice"]
[Date "2019.09.04"]
[Round "8.2"]
[White "Navara, David"]
[Black "Moranda, Wojciech"]
[Result "0-1"]
[BlackElo "2597"]
[WhiteElo "2724"]
[WhiteTeam "Wasko HETMAN GKS Katowice"]
[BlackTeam "Wieza Pegow"]
[LiveChessVersion "1.4.8"]

1. e4 {[%clk 1:30:59]} c5 {[%clk 1:30:36]} 2. Nf3 {[%clk 1:31:25]} e6
{[%clk 1:30:50]} 3. d4 {[%clk 1:31:26]} cxd4 {[%clk 1:31:06]} 4. Nxd4
{[%clk 1:31:50]} Nc6 {[%clk 1:31:23]} 5. Nc3 {[%clk 1:32:11]} Qc7
{[%clk 1:31:38]} 6. Be2 {[%clk 1:31:37]} a6 {[%clk 1:31:48]} 7. O-O
{[%clk 1:31:54]} Nf6 {[%clk 1:31:46]} 8. Be3 {[%clk 1:32:17]} Be7
{[%clk 1:31:43]} 9. f4 {[%clk 1:32:33]} d6 {[%clk 1:31:55]} 10. Qe1
{[%clk 1:32:51]} O-O {[%clk 1:31:27]} 11. Qg3 {[%clk 1:33:14]} Nxd4
{[%clk 1:30:58]} 12. Bxd4 {[%clk 1:33:39]} b5 {[%clk 1:30:46]} 13. Kh1
{[%clk 1:33:49]} Bb7 {[%clk 1:28:41]} 14. a3 {[%clk 1:34:11]} Rad8
{[%clk 1:28:36]} 15. Bd3 {[%clk 1:31:32]} Rd7 {[%clk 1:27:38]} 16. Rae1
{[%clk 1:31:54]} Re8 {[%clk 1:27:24]} 17. Re2 {[%clk 1:22:46]} Qd8
{[%clk 1:17:41]} 18. Qh3 {[%clk 1:20:21]} Bf8 {[%clk 1:13:58]} 19. a4
{[%clk 0:41:40]} e5 {[%clk 0:27:35]} 20. fxe5 {[%clk 0:41:45]} dxe5
{[%clk 0:27:58]} 21. Bf2 {[%clk 0:23:41]} b4 {[%clk 0:21:09]} 22. Nd5
{[%clk 0:23:50]} Nxd5 {[%clk 0:20:48]} 23. exd5 {[%clk 0:24:10]} g6
{[%clk 0:20:50]} 24. Bh4 {[%clk 0:23:59]} Qc7 {[%clk 0:19:05]} 25. Bf6
{[%clk 0:23:46]} Rxd5 {[%clk 0:14:07]} 26. Qh4 {[%clk 0:18:34]} e4
{[%clk 0:08:11]} 27. Rxe4 {[%clk 0:07:12]} Rxe4 {[%clk 0:08:18]} 28. Qxe4
{[%clk 0:07:38]} Rh5 {[%clk 0:07:28]} 29. Qf4 {[%clk 0:08:03]} Bd6
{[%clk 0:06:18]} 30. Re1 {[%clk 0:08:29]} Qc6 {[%clk 0:05:13]} 31. Qe4
{[%clk 0:08:54]} Rxh2+ {[%clk 0:04:22]} 32. Kg1 {[%clk 0:09:20]} Qb6+
{[%clk 0:00:52]} 33. Qd4 {[%clk 0:08:18]} Qxd4+ {[%clk 0:00:57]} 34. Bxd4
{[%clk 0:08:42]} Kf8 {[%clk 0:01:08]} 35. Be4 {[%clk 0:02:30]} Bxe4
{[%clk 0:01:28]} 36. Rxe4 {[%clk 0:02:55]} Rh5 {[%clk 0:01:45]} 37. Kf2
{[%clk 0:03:14]} Rd5 {[%clk 0:01:07]} 38. Be3 {[%clk 0:03:40]} f5
{[%clk 0:01:06]} 39. Rc4 {[%clk 0:04:06]} Ke7 {[%clk 0:00:53]} 40. Rc8
{[%clk 0:32:57]} f4 {[%clk 0:30:46]} 41. Bb6 {[%clk 0:32:13]} Rd2+
{[%clk 0:19:55]} 42. Kf3 {[%clk 0:31:41]} b3 {[%clk 0:19:48]} 43. cxb3
{[%clk 0:27:54]} Rxb2 {[%clk 0:19:48]} 44. Rc3 {[%clk 0:27:54]} g5
{[%clk 0:15:22]} 45. Bd4 {[%clk 0:26:09]} Rd2 {[%clk 0:13:53]} 46. Bc5
{[%clk 0:23:42]} h5 {[%clk 0:12:16]} 47. Bxd6+ {[%clk 0:17:58]} Kxd6
{[%clk 0:12:35]} 48. b4 {[%clk 0:18:23]} Rd4 {[%clk 0:09:50]} 49. Rb3
{[%clk 0:16:55]} g4+ {[%clk 0:10:05]} 50. Ke2 {[%clk 0:17:02]} h4
{[%clk 0:09:20]} 51. b5 {[%clk 0:15:18]} a5 {[%clk 0:09:32]} 52. Ra3
{[%clk 0:12:06]} Rb4 {[%clk 0:09:03]} 53. Ra2 {[%clk 0:11:56]} Ke5
{[%clk 0:08:47]} 54. Kf2 {[%clk 0:11:49]} Ke4 {[%clk 0:05:18]} 55. Re2+
{[%clk 0:11:09]} Kd3 {[%clk 0:05:42]} 56. Re5 {[%clk 0:10:30]} Rb2+
{[%clk 0:04:29]} 57. Kf1 {[%clk 0:10:54]} h3 {[%clk 0:04:09]} 58. gxh3
{[%clk 0:10:46]} g3 {[%clk 0:04:24]} 59. b6 {[%clk 0:08:15]} f3 {[%clk 0:03:29]}
60. Rb5 {[%clk 0:07:47]} g2+ {[%clk 0:03:33]} 61. Kg1 {[%clk 0:08:09]} Rxb5
{[%clk 0:03:58]} 62. axb5 {[%clk 0:08:31]} Ke2 {[%clk 0:04:25]} 0-1

[Event "Ekstraliga 2019"]
[Site "Katowice"]
[Date "2019.09.04"]
[Round "8.4"]
[White "Gajewski, Grzegorz"]
[Black "Michalik, Peter"]
[Result "1-0"]
[BlackElo "2573"]
[WhiteElo "2613"]
[WhiteTeam "Wasko HETMAN GKS Katowice"]
[BlackTeam "Wieza Pegow"]
[LiveChessVersion "1.4.8"]

1. d4 {[%clk 1:30:57]} d5 {[%clk 1:30:55]} 2. c4 {[%clk 1:31:16]} c6
{[%clk 1:31:20]} 3. Nf3 {[%clk 1:31:36]} Nf6 {[%clk 1:31:43]} 4. e3
{[%clk 1:32:00]} Bg4 {[%clk 1:31:47]} 5. Qb3 {[%clk 1:32:18]} Qb6
{[%clk 1:32:09]} 6. Ne5 {[%clk 1:32:17]} Bh5 {[%clk 1:31:53]} 7. cxd5
{[%clk 1:27:58]} Qxb3 {[%clk 1:31:50]} 8. axb3 {[%clk 1:28:26]} Nxd5
{[%clk 1:32:12]} 9. g4 {[%clk 1:25:56]} Bg6 {[%clk 1:32:35]} 10. Nc3
{[%clk 1:24:02]} e6 {[%clk 1:32:05]} 11. e4 {[%clk 1:18:40]} Nb4 {[%clk 1:26:07]}
12. Kd1 {[%clk 1:16:59]} Nd7 {[%clk 1:26:04]} 13. Nxd7 {[%clk 1:14:47]} Kxd7
{[%clk 1:26:24]} 14. h4 {[%clk 1:12:53]} f5 {[%clk 1:13:15]} 15. gxf5
{[%clk 1:05:13]} exf5 {[%clk 1:10:51]} 16. h5 {[%clk 1:04:55]} Bf7
{[%clk 1:11:16]} 17. Bc4 {[%clk 1:05:20]} Bxc4 {[%clk 1:10:19]} 18. bxc4
{[%clk 1:05:47]} Nd3 {[%clk 1:00:48]} 19. Ke2 {[%clk 1:05:22]} Nxc1+
{[%clk 0:58:38]} 20. Raxc1 {[%clk 1:04:12]} Re8 {[%clk 0:51:00]} 21. e5
{[%clk 1:00:18]} c5 {[%clk 0:51:25]} 22. Rcd1 {[%clk 0:59:38]} cxd4
{[%clk 0:51:23]} 23. Rxd4+ {[%clk 1:00:05]} Kc6 {[%clk 0:51:45]} 24. f4
{[%clk 1:00:30]} g5 {[%clk 0:49:27]} 25. hxg6 {[%clk 0:59:13]} Bc5
{[%clk 0:49:52]} 26. g7 {[%clk 0:59:12]} Bxd4 {[%clk 0:49:58]} 27. gxh8=Q
{[%clk 0:56:14]} Rxh8 {[%clk 0:50:21]} 28. Rh6+ {[%clk 0:56:41]} Kc5
{[%clk 0:50:40]} 29. Kd3 {[%clk 0:57:06]} Bxc3 {[%clk 0:47:07]} 30. Kxc3
{[%clk 0:57:32]} a5 {[%clk 0:47:33]} 31. b3 {[%clk 0:53:06]} Rg8 {[%clk 0:38:40]}
32. Rxh7 {[%clk 0:52:02]} Rg3+ {[%clk 0:37:10]} 33. Kb2 {[%clk 0:52:20]} b6
{[%clk 0:29:19]} 34. Rf7 {[%clk 0:46:41]} Kb4 {[%clk 0:24:41]} 35. Rxf5
{[%clk 0:46:43]} Rg2+ {[%clk 0:18:32]} 36. Kc1 {[%clk 0:45:15]} Kxb3
{[%clk 0:18:50]} 37. e6 {[%clk 0:43:50]} Kc3 {[%clk 0:11:38]} 38. Kd1
{[%clk 0:43:08]} Rd2+ {[%clk 0:12:00]} 39. Ke1 {[%clk 0:43:36]} Rd8
{[%clk 0:12:23]} 40. Re5 {[%clk 1:01:37]} a4 {[%clk 0:41:17]} 41. Re3+
{[%clk 1:01:50]} Kb2 {[%clk 0:34:24]} 42. e7 {[%clk 1:01:13]} Re8
{[%clk 0:34:49]} 43. f5 {[%clk 1:01:40]} a3 {[%clk 0:35:14]} 44. f6
{[%clk 1:02:06]} a2 {[%clk 0:35:40]} 45. Re2+ {[%clk 1:02:33]} Kb3
{[%clk 0:36:03]} 46. Rxa2 {[%clk 1:02:59]} Kxa2 {[%clk 0:36:28]} 47. Kd2
{[%clk 1:03:27]} Kb3 {[%clk 0:36:49]} 48. Kd3 {[%clk 1:03:47]} 1-0